000
00393nam a22001577a 4500
003
MPLRDC
005
20220104142559.0
008
210129b ||||| |||| 00| 0 eng d
082
_a
882.357 MIK
100
_a
卡. 密克沙特
245
_a
圣彼得的伞
_c
康嗣群译
260
_a
_b
平明出版社
_c
1900
300
_b
平
650
_a
中欧各国文学
942
_c
BK
_o
882.357 MIK
999
_c
32036
_d
32026